| 000 | 00643nam a2200205Ia 4500 | ||
|---|---|---|---|
| 003 | GCL | ||
| 008 | 140319s9999 xx 000 0 ara d | ||
| 040 |
_aGCL / _cGCL |
||
| 082 | 0 | 4 |
_a330.956 _bد ش |
| 100 | 1 | _aروجر اوين | |
| 245 | 1 | 0 |
_aالشرق الاوسط فى الاقتصاد العالمى 1914-1800 / _cروجر اوين |
| 700 | 1 | _aسامى الرزاز (مترجم) | |
| 260 |
_a[S.N] : _bفرنكلين للطباعة ، _c1990 |
||
| 300 | _a443 ص | ||
| 490 | _a | ||
| 650 | 0 | 4 | _aالاقتصاد الدولى |
| 650 | 0 | 4 | _aالشرق الاوسط |
| 650 | 0 | 4 | _aالتاريخ الاقتصادى |
| 942 |
_2ddc _cBK |
||
| 999 |
_c43996 _d43996 |
||